Регионална библиотека "Любен Каравелов" - Русе

Приказки на народите (Запис номер 7941)

MARC детайли
000 -Лидер
Контролно поле с фиксирана дължина 01374nam a2200301 c 4500
003 - Код на организацията, давaща контролен номер
Контролно поле BLK
005 - Дата и час на последна редакция
Контролно поле 20180422093917.0
008 - Елементи от данни с фиксирана дължина
fixed length control field 180412b bul|||||r ||||||| ||bul||
010 ## - Наследен системен номер
LC control number KNG00009274000
020 ## - Международен стандартен номер на книга ISBN
Международен стандартен номер на книга ISBN 954-492-099-4
-- издат.: Нов Златорог - на том(т. 5)
040 ## - Източник на каталожния запис
Идентификатор на билиотеката - собственик на записа BLK
041 ## - Код за език
Код за езика на текст/звукозапис или на отделно заглавие Български
Код за езика КДБФ Български
080 ## - УДК
Текстов определител УДК Литература на отделни езици и езикови семейства
УДК код - определител по УДК 821
УДК определител -93-34
УДК - код + определител 821-93-34
139 ## - Редно поле
Редна дума Приказки на народите
Авторски знак При - П 87
245 10 - Сведения за заглавието
Заглавие Приказки на народите
Подзаглавни данни Сборник : Т. 1 -
Редно поле (дума) прев. на том Емилия Николова; прев. на том Христо Димитров.
Том Т. 5
Заглавие на том Приказки от Англия и Шотландия
257 ## - Страна на издаване
Страна на създаване/издаване Сборници - Свят
260 ## - Област на издателските данни
-- София
Година на издаване 1994 -
300 ## - Физическа характеристика
Размери/Мащаб 20 см
380 ## - Жанр
Жанр Детска худож. лит.
700 1# - Други автори (авторска отговорност)
Лично име Николова, Емилия
Автороска отговорност (Описва отношението между автора и произведението) прев. на том
9 (RLIN) 364091
700 1# - Други автори (авторска отговорност)
Лично име Димитров, Христо
Автороска отговорност (Описва отношението между автора и произведението) прев. на том
Друга информация Георгиев, Христо Димитров
9 (RLIN) 364142
760 1# - Описание на основната серия
-- - на том(т. 5)
Място на издаване, издател и година Нов Златорог, 1996
Страници - том 256 с. : с ил.
Заглавие Т. 5 Приказки от Англия и Шотландия
852 ## - Местоположение
Форматна сигнатура Цб 190489
856 4# - Електронен адрес и достъп
Електронен формат pdf - файл
Път до файла /url/
856 4# - Електронен адрес и достъп
Електронен формат pdf - файл
Път до файла /url/
942 ## - АРТИКУЛИ
Вид на библиотечния материал Книги
Скрит в OPAC Не
944 ## - СЪЗДАВАНЕ И РЕДАКЦИЯ на ЗАПИСА
Създаване/Редакция Създаване
Дата на регистрацията/редакция 15.01.2003
Служител, извършил регистрацията/редакцията Геновева_Генчева
944 ## - СЪЗДАВАНЕ И РЕДАКЦИЯ на ЗАПИСА
Създаване/Редакция Редакция
Дата на регистрацията/редакция 30.03.2005
Служител, извършил регистрацията/редакцията
999 ## - СИСТЕМНИ КОНТРОЛНИ НОМЕРА
Koha biblionumber 7941
Koha biblioitemnumber 7941
Наличности
Код за отписване Код за изгубен артикул Източник на класификационната схема Код за повреда Коз за рестрикции Код за отдаване Артикулен № Име на библиотеката - собственик Име на библиотеката, в която се намира в момента Статус (Текущо местоположение) Дата на вписване в системата Местоположение - отдел Цена в лева Инвентарен номер Систематично азбучна сигнатура Баркод Номер на екземпляра Цена в евро Служебна бележка Служебен тип на артикула
  Не е изгубен Universal Decimal Classification Не е повреден без рестрикции ползва се в читалня 13700 Регионална библиотека "Любен Каравелов" Русе Регионална библиотека "Любен Каравелов" Русе Хранилище 2001-01-01 Хранилище 1.17 627114 Цб 190489 120000627114 1 0.60 Дост: Dp Вид: Д N: стар фонд Дата: 01.01.1996 Книги
Vip Innovations Ltd, Rousse, Bulgaria 2025